Movies Quiz

Random Movies Quiz

Fictional Sequels 2 Quiz Stats

 Plays Quiz not verified by Sporcle

Challenge
Share
Tweet
Embed
Score 0/16 Timer 06:00
0 Plays Today
Sequel Film % Correct
Year TwoYear One
94.2%
The PostgraduateThe Graduate
92.8%
UberbadSuperbad
91.9%
O Brother, I Hath Found Thou!O Brother Where Art Thou?
91.1%
Born on the Fifth of AugustBorn on the Fourth of July
82.4%
LBJJFK
78.5%
Bill is DeadKill Bill
76.2%
Line and SinkerHook
58.8%
Sequel Film % Correct
Missed Your Chance HarveyLast Chance Harvey
57.1%
Project MayhemFight Club
53.4%
TeethJaws
51.3%
Sunshine ManRain Man
48.9%
DuskTwilight
44.5%
3 Days From NowThe Day After Tomorrow
43.5%
Taking down personal detailsCrash
7%
DeuceMatch Point
5.2%

You're not logged in!

Compare scores with friends on all Sporcle quizzes.
Join for Free
OR
Log In

You Might Also Like...

Show Comments

Extras

Created Feb 4, 2011SourceReportNominate
Tags:fictional

Top Quizzes Today


Score Distribution

Your Account Isn't Verified!

In order to create a playlist on Sporcle, you need to verify the email address you used during registration. Go to your Sporcle Settings to finish the process.

Report this User

Report this user for behavior that violates our Community Guidelines.

Details: